Personalidad creadora y proceso creativo

Guardat en:
Dades bibliogràfiques
Autor principal: Barron, Frank (Autor)
Format: Llibre
Idioma:espanyol
Publicat: Madrid Marova 1976
Col·lecció:Biblioteca Marova de estudios del hombre
Matèries:
Etiquetes: Afegir etiqueta
Sense etiquetes, Sigues el primer a etiquetar aquest registre!

MARC

LEADER 00000nam a2200000 a 4500
001 UCY8116
003 CL-VaPUC
008 950623e19760000SP |||||||||||||||||spa|d
082 0 4 |a 153.35  |b BAR  |2 21 
100 0 |a Barron, Frank  |e author  |9 339247 
245 1 0 |a Personalidad creadora y proceso creativo 
300 |a 223 p 
942 |c BK 
945 |d 19950623 00:00:00  |a cmena 
260 |a Madrid  |b Marova  |c 1976 
650 0 |a Creatividad   |9 310816 
650 0 |a Personalidad   |9 307255 
650 0 |a Imaginación  |9 269378 
650 0 |a Desarrollo individual   |9 307875 
650 0 |a Inteligencia  |9 267038 
650 7 |a ESTIMULO  |2 CL-VaPUC  |9 334622 
651 0 |a Irlanda  |9 324541 
583 |a last modification  |c 19950623 00:00:00  |k Rodrigo Vera 
490 0 |a Biblioteca Marova de estudios del hombre 
999 |c 235394  |d 235392 
952 |0 0  |1 0  |4 0  |6 153_350000000000000_BAR_1976  |7 0  |8 P  |9 242785  |a BIBEDU  |b BIBEDU  |c BIBEDU_PB  |d 2019-11-18  |i 1522736  |o 153.35 BAR 1976  |p 1522736  |r 2024-01-25  |w 2019-11-18  |y BK  |k EDU